000 00739naa a22002297u 4500
001 20882
003 HDC
007 cr bn ---aaaaa
008 210306t200906 xx 000 0 eng
040 _aHDC
245 0 _aPlain And Simple Banking
260 _a[No place] :
_b[publisher not identified],
_c2009
336 _atext
_2rdacontent
337 _acomputer
_2rdamedia
338 _aonline resource
_2rdacarrier
650 _aBanks and banking
_zMalaysia
_92543
650 _aSmall business
_9208
856 _zRequest full-text at [email protected]
942 _2lcc
942 _cEIJ
942 _kEMAG 000913
999 _c18198
_d18198